Proceedings of National conference on advances in recent trends in computing (ARTCOM 2010) / (Record no. 42212)

MARC details
000 -LEADER
fixed length control field 00818nam a22002057a 4500
005 - DATE AND TIME OF LATEST TRANSACTION
control field 20100816154729.0
010 ## - LCCN (DPL NO)
LC control number ENG-100644
020 ## - INTERNATIONAL STANDARD BOOK NUMBER
International Standard Book Number 9788184245653
Terms of availability 900.00
035 ## - SYSTEM CONTROL NUMBER
System control number EN-84177
037 ## - SOURCE OF ACQUISITION
Source of stock number/acquisition DBAD/PUB
082 ## - DEWEY DECIMAL CLASSIFICATION NUMBER
Classification number 004
100 ## - MAIN ENTRY--PERSONAL NAME
Personal name Advances in Recent Trends in Computing (Ashta: 15-16 Jan. 2010)
245 ## - TITLE STATEMENT
Title Proceedings of National conference on advances in recent trends in computing (ARTCOM 2010) /
Statement of responsibility, etc by Advances in Recent Trends in Computing
260 ## - PUBLICATION, DISTRIBUTION, ETC. (IMPRINT)
Place of publication, distribution, etc New Delhi
Name of publisher, distributor, etc Allied Publishers
Date of publication, distribution, etc 2010
270 ## - ADDRESS
Address A-104, Mayapuri Phase II
City New Delhi
Postal code 110064
300 ## - PHYSICAL DESCRIPTION
Extent 236p.:
Other physical details ill.
Dimensions 285cm (Hb)
500 ## - GENERAL NOTE
General note Includes index
942 ## - ADDED ENTRY ELEMENTS (KOHA)
Source of classification or shelving scheme Dewey Decimal Classification
Item type English Books
Classification part 004
Call number suffix PRO
Holdings
Withdrawn status Lost status Not for loan Collection code Home library Current library Date acquired Source of acquisition Cost, normal purchase price Full call number Barcode Copy number Cost, replacement price Koha item type
    Not For Loan Non-fiction D.B.Act.Division D.B.Act.Division 16/08/2010 DBAD/PUB 900.00 004 PRO EN-84177 1 900.00 English Books

© Delhi Public Library
Hit Counter
free hit counter